|
|
|
|
| LEADER |
02353nam a2200277 u 4500 |
| 001 |
10117567 |
| 003 |
upatras |
| 005 |
20210117205548.0 |
| 008 |
150918s2014 gr gre |
| 040 |
|
|
|a GR-PaULI
|c GR-PaULI
|
| 041 |
0 |
|
|a gre
|
| 082 |
1 |
4 |
|a 616.994 490 6
|2 23
|
| 100 |
1 |
|
|a Γιαλελή, Χρυσοστόμη
|9 146160
|
| 245 |
1 |
0 |
|a Βιοχημική και κυτταρική μοριακή προσέγγιση της επίδρασης των καρκινικών κυττάρων μαστού στην έκφραση μορίων εξωκυττάριου χώρου και στις λειτουργικές ιδιότητες των ενδοθηλιακών κυττάρων
|b Biochemical and cellular molecular approach of the effect of breast cancer cells in the expression of extracellular matrix molecules and functional properties of endothelial cells
|c Χρυσοστόμη Γιαλελή; Πανεπιστήμιο Πατρών, Σχολή Θετικών Επιστημών, Τμήμα Χημείας, Τομέας Οργανικής Χημείας, Βιοχημείας & Φυσικών Προϊόντων
|
| 246 |
1 |
1 |
|a Biochemical and cellular molecular approach of the effect of breast cancer cells in the expression of extracellular matrix molecules and functional properties of endothelial cells
|
| 300 |
|
|
|a 178 σ.
|b έγχ. εικ.
|c 30 εκ.
|
| 504 |
|
|
|a Περιλαμβάνει βιβλιογραφία
|
| 650 |
|
4 |
|a Καρκίνος
|x Μοριακές απόψεις
|9 85716
|
| 650 |
|
4 |
|a Μαστός
|x Καρκίνος
|9 31723
|
| 700 |
1 |
|
|a Καραμάνος, Νίκος Κ.
|4 oth
|9 38957
|
| 710 |
2 |
|
|9 2771
|a Πανεπιστήμιο Πατρών
|b Σχολή Επιστημών Υγείας
|b Τμήμα Ιατρικής
|e Σχολή Θετικών Επιστημών
|e Τμήμα Χημείας
|e Τομέας Οργανικής Χημείας, Βιοχημείας και Φυσικών Προϊόντων
|
| 852 |
|
|
|a GR-PaULI
|b ΠΑΤΡΑ
|b ΒΚΠ
|b ΑΝΕ
|k ΔΙΑΤΡΙΒΗ
|h 616.994 490 6 ΓΙΑ
|m 123512
|p 025000153106
|t 1
|
| 942 |
|
|
|2 ddc
|c BKTD
|
| 952 |
|
|
|0 0
|1 0
|4 0
|6 616_994000000000000_490_6_ΓΙΑ
|7 0
|9 183912
|a LISP
|b LISP
|c RES
|d 2016-04-24
|i 123512
|l 0
|o 616.994 490 6 ΓΙΑ
|p 025000153106
|r 2016-04-24 00:00:00
|t 1
|w 2016-04-24
|y BKTD
|
| 998 |
|
|
|c ΓΚΟΓΚΟΥ
|d 2015-09
|
| 999 |
|
|
|c 113471
|d 113471
|